000 00359nam a2200145Ia 4500
008 230711s9999||||xx |||||||||||||| ||und||
041 _aENG
082 _a720
_bJA-L
100 _aJacques,Sbriglio
245 0 _aLe corbusier : villas la roche
250 _a2nd . Ed.
260 _c1997
_aNew Jersey
_bBirkhauser Verlage
650 _aArchitecture
942 _cBK
999 _c3934
_d3934